Top 25 Future Songs - Statistics

General Stats
  • This quiz has been taken 117 times
  • The average score is 12 of 25
Answer Stats
# Album Score Answer % Correct
4 We Don't Trust You 92 Like That
89%
8 HNDRXX 91 Solo
86%
1 Monster 96 Codeine Crazy
85%
6 FUTURE 92 Mask Off
85%
12 EVOL 89 Low Life
77%
2 56 Nights 96 March Madness
77%
5 Monster 92 Throw Away
67%
10 DS2 90 I Serve the Base
58%
9 DS2 90 Stick Talk
58%
15 DS2 88 Thought It Was a Drought
57%
7 DS2 92 The Percocet & Stripper Joint
54%
14 Monster 89 Monster
53%
20 56 Nights 87 56 Nights
51%
18 HNDRXX 87 Sorry
38%
19 Monster 87 After That
37%
13 Project E.T. 89 Married to the Game
37%
22 Monster 86 Radical
37%
17 Monster 87 My Savages
35%
23 DS2 86 Trap ******
32%
21 DS2 87 Groupies
30%
11 The WIZRD 90 F&N
16%
3 DS2 93 F*ck Up Some Commas
12%
25 EVOL 86 Fly Shit Only
12%
16 The WIZRD 88 Crushed Up
10%
24 HNDRXX 86 Coming Out Srong
0%
No matching quizzes found
Score Distribution
Percent of People with Each Score
Percentile by Number Answered
Your Score History
You have not taken this quiz